La justicia: ¿discurso o mercado? : nuevos enfoques de la teoría contractualista /

Guardado en:
Autor Principal: Kern, Lucian
Otros Autores: Müller, Hans Peter
Formato: Desconocido
Idioma:Spanish
Publicado: Barcelona : Gedisa, 1992
Edición:1a. ed.
Series:Estudios Alemanes
Materias:
Etiquetas: Agregar Etiqueta
Sin Etiquetas, Sea el primero en etiquetar este registro!
LEADER 00582nac a22001815a 4500
001 DER.der000458
008 180615s1992####sp#||||||||||||||#||spa||
005 20241108095945.0
245 1 0 |a La justicia: ¿discurso o mercado? :  |b nuevos enfoques de la teoría contractualista /  |c Lucian Kern, Hans Peter Müller. 
250 |a 1a. ed. 
260 |a Barcelona :  |b Gedisa,  |c 1992 
300 |a 295 p. 
440 0 |a Estudios Alemanes 
020 |a 8474324394 
100 1 |a Kern, Lucian 
700 1 |a Müller, Hans Peter 
650 7 |a FILOSOFIA DEL DERECHO 
859 |a DERECHO  |b BIB. DERECHO  |h 340.1  |i KER  |p 000444